Guess the Taylor Swift song with no hints #6 - Statistics

General Stats
  • This quiz has been taken 642 times
  • The average score is 246 of 368
Answer Stats
% Correct
I
100%
a
99%
you
99%
You
99%
the
97%
me
93%
to
93%
and
92%
And
92%
your
92%
It
91%
it
91%
be
90%
in
89%
In
89%
my
88%
you're
88%
You're
88%
go
87%
he
87%
He
87%
when
87%
on
86%
then
84%
that
83%
all
82%
so
82%
So
82%
it's
80%
It's
80%
too
80%
for
79%
hear
79%
like
79%
time
79%
was
79%
what
79%
I'm
78%
of
78%
at
77%
never
77%
by
76%
her
76%
But
75%
know
74%
ever
73%
mine
73%
would
73%
I've
72%
why
72%
just
71%
see
71%
up
69%
been
67%
had
67%
said
67%
day
66%
got
66%
away
65%
every
65%
look
65%
right
65%
will
65%
get
64%
always
62%
here
62%
his
62%
told
62%
'Cause
61%
eye
61%
life
60%
fine
59%
heart
59%
place
59%
side
59%
baby
58%
Everything
58%
everything
58%
Mr.
58%
Mr
58%
Now
58%
Oh
58%
perfect
58%
stay
58%
after
57%
How's
56%
perfectly
56%
you'll
56%
face
55%
he's
55%
He's
55%
Well
54%
well
54%
around
53%
breaking
53%
girl
53%
Hello
53%
tell
53%
you'd
53%
looked
52%
Miss
52%
miss
52%
about
51%
waiting
51%
bad
50%
casually
50%
cruel
50%
cry
50%
new
50%
alone
49%
change
49%
okay
49%
takes
49%
than
49%
end
48%
goodbye
48%
Goodbye
48%
last
48%
doesn't
47%
fall
47%
goes
47%
revolves
47%
thought
47%
wonderful
47%
each
46%
guy
46%
since
46%
apart
45%
even
45%
single
45%
leaves
44%
misery
44%
best
42%
put
42%
same
42%
through
42%
until
42%
brand
41%
name
41%
picking
41%
way
41%
arm
40%
heard
40%
Because
39%
eyes
38%
gonna
38%
room
38%
late
37%
apology
35%
different
35%
Forgets
35%
past
34%
'round
34%
guess
33%
might
33%
really
33%
rest
33%
alright
32%
insincere
32%
pressed
32%
someday
32%
anything
31%
dignified
31%
far
31%
phased
31%
seat
31%
above
30%
feeling
30%
maybe
28%
shame
28%
such
28%
wins
27%
strategized
25%
smug
24%
suits
24%
sense
23%
Sashay
22%
No matching quizzes found
Score Distribution
Percent of People with Each Score
Percentile by Number Answered
Your Score History
You have not taken this quiz